IBPS-CWE 15 Practice Papers for clerk : (Record no. 181490)

MARC details
000 -LEADER
fixed length control field 00587nam a22001817a 4500
005 - DATE AND TIME OF LATEST TRANSACTION
control field 20210916104712.0
010 ## - LCCN (DPL NO)
LC control number ENG-129929
020 ## - INTERNATIONAL STANDARD BOOK NUMBER
International Standard Book Number 978-93-86720-28-3
Terms of availability 999.00
035 ## - SYSTEM CONTROL NUMBER
System control number EN-113461
037 ## - SOURCE OF ACQUISITION
Source of stock number/acquisition DBAD/PUB
082 ## - DEWEY DECIMAL CLASSIFICATION NUMBER
Classification number 000
245 ## - TITLE STATEMENT
Title IBPS-CWE 15 Practice Papers for clerk :
Statement of responsibility, etc edited by Bhubneshwar pratap Sahi
260 ## - PUBLICATION, DISTRIBUTION, ETC. (IMPRINT)
Name of publisher, distributor, etc Rathore
Place of publication, distribution, etc India
Date of publication, distribution, etc 2019
270 ## - ADDRESS
City Ghaziabad
Postal code 201010
Address Basement,260,Shaktikhand-III Indirapuram
Electronic mail address rathorepublishers@gmail.com
300 ## - PHYSICAL DESCRIPTION
Extent v.p.
Dimensions 25cm(hbk)
700 ## - ADDED ENTRY--PERSONAL NAME
Personal name Sahi,Bhubneshwar Partap
942 ## - ADDED ENTRY ELEMENTS (KOHA)
Source of classification or shelving scheme Dewey Decimal Classification
Item type English Books
Classification part 000
Call number suffix IBP
Holdings
Withdrawn status Lost status Not for loan Collection code Home library Current library Date acquired Source of acquisition Cost, normal purchase price Full call number Barcode Copy number Cost, replacement price Koha item type
      Non-fiction Shahdara Branch Shahdara Branch 16/09/2021 DBAD/PUB 999.00 000 IBP EN-113461 1 999.00 English Books

© Delhi Public Library
Hit Counter
free hit counter